000 00580nam a22001817a 4500
005 20251108175903.0
008 250721s2020 xx 000 0 ara d
082 1 4 _a930.12/زهر
100 1 _aالزهران، محمد
_eمؤلف
245 1 0 _aمظاهر الاستيطان البشري في جنوبي الاردن في العصور الحجرية /
264 1 _aالكرك :
_bالمؤلف،
_c2020.
300 _a230ص.
650 1 7 _aالتاريخ القديم
650 1 7 _aالعصر الحجري
650 1 7 _aالاردن
942 _2ddc
_cBK
999 _c144785
_d144785